00402nam a2200157Ia 4500001000500000005001700005008004100022041000800063082001300071100003400084245007300118260000900191300002800200650000800228654000800236418120260306145737.0260306t2001||||xx |||||||||||||| ||spa|| aESP a320bD61 aBenecke, Dieter W. (Ed.)eAUT 0aDescentralización institucional:breformas de segunda generación c2001 a204 páginas :c21 cm. aGEN aCDE